| 000 | 00703nam a2200229 4500 | ||
|---|---|---|---|
| 001 | 15662 | ||
| 010 | _a9789896609795 | ||
| 021 | _b472103/20 | ||
| 090 | _a15662 | ||
| 100 | _a20211129d2021 m y0pory50030103ba | ||
| 200 | 1 |
_aComtradição _fHenrique Sá Pessoa _gfot. Silvia Martinez |
|
| 205 | _a1ª ed. | ||
| 210 | 9 |
_a[S.l.] _cCasa das Letras, _dcop. 2021 |
|
| 215 |
_a169, [6] p. _cil. _d28 cm |
||
| 225 | 2 | _a24Kitchen) | |
| 532 | 1 | 2 | _aCom tradi—cão |
| 675 |
_a641.55(083.1) _vBN _zpor |
||
| 700 | 1 |
_aPessoa, _bHenrique Sá, _f1976- |
|
| 702 | 1 |
_aMartinez, _bSilvia |
|
| 801 | 0 |
_aPT _bBN _gRPC |
|
| 856 | 4 | 1 | _uhttp://rnod.bnportugal.gov.pt/ImagesBN/winlibimg.aspx?skey=&doc=2086377&img=158519&save=true |
| 990 | _cLIVROS | ||